| 000 | 00502nam a2200169 i 4500 | ||
|---|---|---|---|
| 001 | 34566 | ||
| 003 | ES-MaACL | ||
| 005 | 20250929063103.0 | ||
| 007 | t| | ||
| 008 | 030207s1966 sp ||||1| spa d | ||
| 100 | 1 |
_aDufoyer, Pierre, _d1898-1959 _9171461 |
|
| 245 | 1 | 0 |
_aPara ti, novio y esposo / _cRené Boigelot, Angel del Hogar [seud.]. |
| 260 |
_aBilbao : _bDesclée de Brouwer, _c1966. |
||
| 300 |
_a176 p. ; _c19 cm. |
||
| 852 |
_aES-MaACL _jC-31031 _bR.61595 |
||
| 999 |
_c34566 _d34566 |
||